000 00241nam a22001097a 4500
082 _a583.55 TSI'T
100 _aTSIOLKOVSKY, K
_980662
245 _aTHE CALL OF THE COSMOS
260 _aMOSCOW
_bFOREIGN
_c1960
300 _a466P
942 _cBK
999 _c585559
_d585559